000 00302nam a2200109Ia 4500
008 200302s9999 xx 000 0 und d
100 _aCrowfoot & Other
245 _aEnvironmental Disputes Community Involvement in Conflict Resolution
260 _bIsland Press Inc.
260 _c1990
300 _a278 P.,
999 _c5576
_d5576